| 000 | 00692nam a22002297a 4500 | ||
|---|---|---|---|
| 005 | 20251108164058.0 | ||
| 008 | 250721s9999 xx 000 0 ara d | ||
| 082 | 1 | 4 | _a004/اتل |
| 100 | 1 | _aاتلسيك، جين | |
| 245 | 1 | 0 | _aكل شيء عن الحواسيب / |
| 264 | 1 |
_aبيروت : _bدار العربيه للعلوم، _c[19-]. |
|
| 300 | _a50ص. | ||
| 650 | 1 | 7 | _aالحواسيب |
| 650 | 1 | 7 | _aعلم الحاسوب |
| 650 | 1 | 7 | _aلغات البرمجه |
| 650 | 1 | 7 | _aالذاكره |
| 650 | 1 | 7 | _aنظم المعلومات |
| 650 | 1 | 7 | _aشبكات الحواسيب |
| 710 | 2 |
_aمركز التعريب والبرمجه _eترجمة |
|
| 942 |
_2ddc _cBK |
||
| 999 |
_c3064 _d3064 |
||